000 00568nam a2200217 i 4500
001 66580
003 ES-MaACL
005 20230906165722.0
007 t|
008 021002s2002 sp ||||0| spa d
020 _a84-95794-36-5
040 _aM-BN
_bspa
_cM-BN
080 _a821.111-31"19"
100 1 _aLynch, Isabel.
_974936
245 1 0 _aPolen blanco para rosas negras /
_cIsabel Lynch.
250 _a1ยช ed.
260 _aMadrid :
_bLetra Clara,
_c2002.
300 _a223 p. ;
_c22 cm.
500 _a"Solingraf"
852 _aES-MaACL
_jL-27051
_bR.132664
999 _c66580
_d66580